LEADER 01204nam a2200277 u 4500 001 000000028013 003 CaOOAMICUS 005 20070226111744.0 008 960329s1931 it u000 u ita u 035 $a10727537 040 $aPUL$bita 100 1 $aRuffini, Guido.$0(OLS)http://pul/name/22838 245 13$aLe cospirazioni del 1831 nelle memorie di Enrico Misley :$bbiografia del cospiratore. 260 $aBologna :$bZanichelli,$c1931. 300 $a330 p. ;$c24 cm 500 $aComprende indici 504 $aBibliografia critica p. 5-13 600 14$aMisley, Enrico,$d1801-1863.$0(OLS)http://pul/subject/16162 651 4$aItalia$xStoria$y1831-1832.$0(OLS)http://pul/subject/16163 651 4$aEuropa$xStoria$y1789-1900.$0(OLS)http://pul/subject/7302 850 $aPUL 852 $aPUL$W1$xDP1 Fondo Maccarrone$y58$m1504 G 6$j38951$nBK-PRI$b $qFondi$B38951$CPULBib$Z2$F38951 $H $81 941 1 $a1 961 $aINV: 01351 -- Fondo Mons. M. Maccarrone 996 $6245$aLe cospirazioni del 1831 nelle memorie di Enrico Misley :$bbiografia del cospiratore$9(OLS)http://pul/title/38268 996 $6260$aBologna :$bZanichelli$9(OLS)http://pul/publisher/48255 LEADER 01082nam a2200265 a 4500 001 000000145186 003 CaOOAMICUS 005 20150723100401.0 008 150723s1969 it u000 u ita r 040 $aPUL$bita 100 1 $aHermans, L.$0(OLS)http://pul/name/93015 245 12$aL'infanzia di Gesł nella Bibbia /$cL. Hermans. 260 $aBari :$bEd. Paoline,$c1969. 300 $a130 p. ;$c18 cm 490 1 $aLa bibbia e i problemi dell'uomo d'oggi ;$v14 504 $aBibliografia in nota. 600 04$aIesus Christus$xInfanzia.$0(OLS)http://pul/subject/22173 630 04$aBiblia$xCritica e interpretazione.$0(OLS)http://pul/subject/2023 830 3$aLa bibbia e i problemi dell'uomo d'oggi ;$v14.$0(OLS)http://pul/title/42444 850 $aPUL 852 $aPUL$W1$xDP1 Fondo S. Lanza$y121$m3 L 4.14$j167845$qFondi$B168404$CPULBib$Z2$F168404 $HLan1269 $82 941 1 $a1 996 $6245$aL'infanzia di Gesł nella Bibbia$9(OLS)http://pul/title/183603 996 $6260$aBari :$bEd. Paoline$9(OLS)http://pul/publisher/60696